[Event "ODJM B 2024"]
[Site "Willingen GER"]
[Date "2024.05.19"]
[Round "2"]
[White "Rodriguez, Philipp"]
[Black "Lohrmann, Linus"]
[Result "1-0"]
[Termination "normal"]
[Board "51"]
[WhiteElo "1663"]
[BlackElo "1621"]
[WhiteClock "01:12:05"]
[BlackClock "00:43:55"]
[PlyCount "71"]
[WhiteFideId "34659170"]
[BlackFideId "12982857"]
[EventCountry "GER"]
[EventRounds "9"]
[EventType "swiss"]
[EventDate "2024.05.18"]

1. e4 {[%clk 01:30:53]} {[%emt 00:00:07]} e5 {[%clk 01:30:58]} {[%emt
00:00:03]} 2. Nf3 {[%clk 01:31:14]} {[%emt 00:00:07]} Nc6 {[%clk 01:31:21]}
{[%emt 00:00:08]} 3. Bb5 {[%clk 01:31:36]} {[%emt 00:00:08]} Bc5 {[%clk
01:29:26]} {[%emt 00:02:25]} 4. O-O {[%clk 01:31:38]} {[%emt 00:00:28]} d6
{[%clk 01:29:48]} {[%emt 00:00:09]} 5. c3 {[%clk 01:31:53]} {[%emt 00:00:14]}
Bg4 {[%clk 01:28:12]} {[%emt 00:02:06]} 6. d4 {[%clk 01:26:32]} {[%emt
00:05:50]} exd4 {[%clk 01:27:12]} {[%emt 00:01:31]} 7. cxd4 {[%clk 01:26:38]}
{[%emt 00:00:24]} Bxf3 {[%clk 01:27:17]} {[%emt 00:00:25]} 8. gxf3 {[%clk
01:26:26]} {[%emt 00:00:41]} Bb4 {[%clk 01:19:12]} {[%emt 00:08:35]} 9. a3
{[%clk 01:26:45]} {[%emt 00:00:11]} Nge7 {[%clk 01:12:32]} {[%emt 00:07:11]}
10. axb4 {[%clk 01:26:31]} {[%emt 00:00:44]} a6 {[%clk 01:10:40]} {[%emt
00:02:22]} 11. Bxc6+ {[%clk 01:25:07]} {[%emt 00:01:54]} Nxc6 {[%clk 01:11:02]}
{[%emt 00:00:09]} 12. Nc3 {[%clk 01:24:22]} {[%emt 00:01:13]} Ne7 {[%clk
01:10:25]} {[%emt 00:01:07]} 13. Qa4+ {[%clk 01:22:33]} {[%emt 00:02:20]} b5
{[%clk 01:09:04]} {[%emt 00:01:51]} 14. Nxb5 {[%clk 01:22:36]} {[%emt
00:00:27]} O-O {[%clk 01:08:56]} {[%emt 00:00:37]} 15. Nc3 {[%clk 01:22:26]}
{[%emt 00:00:40]} d5 {[%clk 01:08:18]} {[%emt 00:01:10]} 16. Be3 {[%clk
01:22:00]} {[%emt 00:00:55]} f5 {[%clk 01:07:28]} {[%emt 00:01:20]} 17. Qb3
{[%clk 01:20:10]} {[%emt 00:02:20]} f4 {[%clk 01:05:26]} {[%emt 00:02:32]} 18.
Bd2 {[%clk 01:19:55]} {[%emt 00:00:44]} c6 {[%clk 01:05:49]} {[%emt 00:00:08]}
19. Kh1 {[%clk 01:19:30]} {[%emt 00:00:54]} Kh8 {[%clk 01:05:33]} {[%emt
00:00:47]} 20. e5 {[%clk 01:19:36]} {[%emt 00:00:24]} Qd7 {[%clk 01:03:43]}
{[%emt 00:02:21]} 21. Rg1 {[%clk 01:17:47]} {[%emt 00:02:18]} Ng6 {[%clk
01:03:22]} {[%emt 00:00:51]} 22. Rg4 {[%clk 01:17:07]} {[%emt 00:01:10]} Rf5
{[%clk 00:54:07]} {[%emt 00:09:44]} 23. Ne2 {[%clk 01:15:16]} {[%emt 00:02:22]}
h5 {[%clk 00:47:47]} {[%emt 00:06:51]} 24. Rxg6 {[%clk 01:14:27]} {[%emt
00:01:19]} Kh7 {[%clk 00:47:34]} {[%emt 00:00:43]} 25. Rag1 {[%clk 01:14:25]}
{[%emt 00:00:31]} Rf7 {[%clk 00:47:46]} {[%emt 00:00:19]} 26. Qc2 {[%clk
01:14:19]} {[%emt 00:00:35]} Kh8 {[%clk 00:47:55]} {[%emt 00:00:22]} 27. Nxf4
{[%clk 01:14:13]} {[%emt 00:00:35]} Rb8 {[%clk 00:46:46]} {[%emt 00:01:39]} 28.
Nxh5 {[%clk 01:13:34]} {[%emt 00:01:09]} Qh3 {[%clk 00:45:19]} {[%emt
00:01:58]} 29. Nxg7 {[%clk 01:12:32]} {[%emt 00:01:32]} Qxf3+ {[%clk 00:43:49]}
{[%emt 00:01:59]} 30. R1g2 {[%clk 01:12:45]} {[%emt 00:00:18]} Rbb7 {[%clk
00:42:43]} {[%emt 00:01:37]} 31. Rh6+ {[%clk 01:11:57]} {[%emt 00:01:16]} Kg8
{[%clk 00:43:06]} {[%emt 00:00:08]} 32. Ne6+ {[%clk 01:11:23]} {[%emt
00:01:03]} Rg7 {[%clk 00:43:20]} {[%emt 00:00:16]} 33. Qh7+ {[%clk 01:11:33]}
{[%emt 00:00:20]} Kf7 {[%clk 00:43:12]} {[%emt 00:00:39]} 34. Qxg7+ {[%clk
01:11:52]} {[%emt 00:00:11]} Ke8 {[%clk 00:43:33]} {[%emt 00:00:09]} 35. Rh8+
{[%clk 01:12:11]} {[%emt 00:00:10]} Qf8 {[%clk 00:43:55]} {[%emt 00:00:08]} 36.
Rxf8# {[%clk 01:12:05]} {[%emt 00:00:06]} 1-0

[Event "ODJM B 2024"]
[Site "Willingen GER"]
[Date "2024.05.19"]
[Round "2"]
[White "Stepanjan, Tatevik Mia"]
[Black "Böttcher, Tim"]
[Result "0-1"]
[Termination "normal"]
[Board "52"]
[WhiteElo "1582"]
[BlackElo "1699"]
[WhiteClock "00:08:49"]
[BlackClock "01:21:52"]
[PlyCount "120"]
[WhiteFideId "16246128"]
[BlackFideId "16278550"]
[EventCountry "GER"]
[EventRounds "9"]
[EventType "swiss"]
[EventDate "2024.05.18"]

1. e4 {[%emt 00:00:08]} d5 {[%clk 01:30:54]} 2. exd5 {[%emt 00:00:07]} Qd7
{[%emt 00:00:07]} 3. d6 Qxd6 {[%clk 01:31:14]} 4. Nc3 {[%clk 01:30:25]} {[%emt
00:01:28]} Qd8 {[%clk 01:31:13]} {[%emt 00:00:32]} 5. d4 {[%clk 01:29:18]}
{[%emt 00:01:37]} Nf6 {[%clk 01:30:46]} {[%emt 00:00:57]} 6. Nf3 {[%clk
01:28:45]} {[%emt 00:01:02]} c6 {[%clk 01:30:17]} {[%emt 00:01:00]} 7. Bc4
{[%clk 01:27:08]} {[%emt 00:02:06]} Bf5 {[%clk 01:26:07]} {[%emt 00:04:40]} 8.
O-O {[%clk 01:25:10]} {[%emt 00:02:28]} e6 {[%clk 01:25:53]} {[%emt 00:00:44]}
9. Bg5 {[%clk 01:23:59]} {[%emt 00:01:41]} Be7 {[%clk 01:25:18]} {[%emt
00:01:05]} 10. Ne5 {[%clk 01:19:42]} {[%emt 00:04:47]} Nbd7 {[%clk 01:24:39]}
{[%emt 00:01:09]} 11. Nxd7 {[%clk 01:15:09]} {[%emt 00:05:04]} Qxd7 {[%clk
01:24:11]} {[%emt 00:00:56]} 12. Re1 {[%clk 01:11:36]} {[%emt 00:04:04]} Qc7
{[%clk 01:22:56]} {[%emt 00:01:45]} 13. h3 {[%clk 01:04:36]} {[%emt 00:07:31]}
h6 {[%clk 01:21:13]} {[%emt 00:02:13]} 14. Be3 {[%clk 01:02:36]} {[%emt
00:02:30]} O-O {[%clk 01:18:49]} {[%emt 00:02:54]} 15. Qd2 {[%clk 01:01:29]}
{[%emt 00:01:36]} Bb4 {[%clk 01:16:59]} {[%emt 00:02:22]} 16. a3 {[%clk
00:56:58]} {[%emt 00:05:00]} Ne4 {[%clk 01:16:28]} {[%emt 00:01:00]} 17. Qc1
{[%clk 00:53:50]} {[%emt 00:03:38]} Bxc3 {[%clk 01:15:39]} {[%emt 00:01:20]}
18. bxc3 {[%clk 00:52:51]} {[%emt 00:01:29]} Nxc3 {[%clk 01:15:59]} {[%emt
00:00:09]} 19. Bf4 {[%clk 00:47:15]} {[%emt 00:06:05]} Qe7 {[%clk 01:15:11]}
{[%emt 00:01:19]} 20. Qe3 {[%clk 00:42:35]} {[%emt 00:05:09]} Nd5 {[%clk
01:14:20]} {[%emt 00:01:22]} 21. Bxd5 {[%clk 00:39:57]} {[%emt 00:03:08]} cxd5
{[%clk 01:14:34]} {[%emt 00:00:17]} 22. Qg3 {[%clk 00:38:39]} {[%emt 00:01:46]}
Qf6 {[%clk 01:12:50]} {[%emt 00:02:14]} 23. c3 {[%clk 00:38:33]} {[%emt
00:00:38]} Rac8 {[%clk 01:13:00]} {[%emt 00:00:20]} 24. Qe3 {[%clk 00:29:53]}
{[%emt 00:09:08]} Rc4 {[%clk 01:11:37]} {[%emt 00:01:53]} 25. Be5 {[%clk
00:25:57]} {[%emt 00:04:25]} Qg6 {[%clk 01:10:58]} {[%emt 00:01:10]} 26. Ra2
{[%clk 00:22:42]} {[%emt 00:03:45]} Rfc8 {[%clk 01:10:32]} {[%emt 00:00:57]}
27. Rc1 {[%clk 00:22:26]} {[%emt 00:00:45]} Qg5 {[%clk 01:06:14]} {[%emt
00:04:49]} 28. Bf4 {[%clk 00:20:16]} {[%emt 00:02:39]} Qd8 {[%clk 01:02:35]}
{[%emt 00:04:10]} 29. Rb2 {[%emt 00:09:34]} Qa5 {[%clk 00:59:28]} 30. Rb3
{[%clk 00:12:50]} {[%emt 00:02:27]} Qa4 {[%clk 00:59:39]} {[%emt 00:00:21]} 31.
Rxb7 {[%clk 00:12:21]} {[%emt 00:00:58]} Qxa3 {[%clk 00:59:36]} {[%emt
00:00:33]} 32. Rb8 {[%clk 00:12:13]} {[%emt 00:00:39]} Rxb8 {[%clk 00:59:43]}
{[%emt 00:00:22]} 33. Bxb8 {[%clk 00:12:26]} {[%emt 00:00:17]} a5 {[%clk
00:59:49]} {[%emt 00:00:24]} 34. Qe1 {[%clk 00:09:13]} {[%emt 00:03:41]} Qb2
{[%clk 00:59:37]} {[%emt 00:00:44]} 35. Bd6 {[%clk 00:08:06]} {[%emt 00:01:37]}
Bc2 {[%clk 00:58:01]} {[%emt 00:02:06]} 36. Ra1 {[%clk 00:06:19]} {[%emt
00:02:16]} a4 {[%clk 00:55:56]} {[%emt 00:02:36]} 37. Bb4 {[%clk 00:06:04]}
{[%emt 00:00:45]} Bb3 {[%clk 00:55:09]} {[%emt 00:01:17]} 38. Rb1 {[%clk
00:04:09]} {[%emt 00:02:24]} Qc2 {[%clk 00:55:09]} {[%emt 00:00:31]} 39. Rc1
{[%clk 00:03:59]} {[%emt 00:00:39]} Qd3 {[%clk 00:55:10]} {[%emt 00:00:29]} 40.
Qe3 {[%clk 00:01:53]} {[%emt 00:02:37]} Qf5 {[%clk 00:53:55]} {[%emt 00:01:45]}
41. Qe2 {[%clk 00:00:42]} {[%emt 00:01:41]} f6 {[%clk 00:52:54]} {[%emt
00:01:30]} 42. Re1 {[%clk 00:25:34]} {[%emt 00:05:38]} Kf7 {[%clk 01:21:07]}
{[%emt 00:02:18]} 43. g4 {[%clk 00:24:19]} {[%emt 00:01:45]} Qe4 {[%clk
01:20:22]} {[%emt 00:01:15]} 44. Qxe4 {[%clk 00:23:50]} {[%emt 00:00:58]} dxe4
{[%clk 01:20:44]} {[%emt 00:00:09]} 45. Rxe4 {[%clk 00:23:57]} {[%emt
00:00:22]} e5 {[%clk 01:20:50]} {[%emt 00:00:25]} 46. f3 {[%clk 00:16:31]}
{[%emt 00:07:56]} Ke6 {[%clk 01:20:21]} {[%emt 00:00:59]} 47. Kf2 {[%clk
00:13:45]} {[%emt 00:03:16]} Kd5 {[%clk 01:20:13]} {[%emt 00:00:39]} 48. Ke3
{[%clk 00:13:19]} {[%emt 00:00:54]} Bc2 {[%clk 01:20:16]} {[%emt 00:00:27]} 49.
dxe5 {[%clk 00:11:07]} {[%emt 00:02:42]} Bxe4 {[%clk 01:20:05]} {[%emt
00:00:42]} 50. fxe4+ {[%clk 00:11:22]} {[%emt 00:00:14]} Rxe4+ {[%clk
01:20:28]} {[%emt 00:00:07]} 51. Kd3 {[%clk 00:11:28]} {[%emt 00:00:24]} Rxe5
{[%clk 01:20:49]} {[%emt 00:00:10]} 52. c4+ {[%clk 00:11:44]} {[%emt 00:00:14]}
Ke6 {[%clk 01:20:57]} {[%emt 00:00:21]} 53. Kd4 {[%clk 00:11:54]} {[%emt
00:00:21]} f5 {[%clk 01:20:42]} {[%emt 00:00:44]} 54. gxf5+ {[%clk 00:11:50]}
{[%emt 00:00:35]} Rxf5 {[%clk 01:20:59]} {[%emt 00:00:12]} 55. c5 {[%clk
00:11:35]} {[%emt 00:00:45]} Kd7 {[%clk 01:21:00]} {[%emt 00:00:30]} 56. Ke4
{[%clk 00:09:56]} {[%emt 00:02:09]} Rh5 {[%clk 01:21:11]} {[%emt 00:00:18]} 57.
Bc3 {[%clk 00:10:01]} {[%emt 00:00:25]} g6 {[%clk 01:21:19]} {[%emt 00:00:22]}
58. Bd4 {[%clk 00:09:50]} {[%emt 00:00:42]} a3 {[%clk 01:21:29]} {[%emt
00:00:20]} 59. Kf3 {[%clk 00:08:35]} {[%emt 00:01:44]} Rxh3+ {[%clk 01:21:41]}
{[%emt 00:00:18]} 60. Kg4 {[%clk 00:08:49]} {[%emt 00:00:16]} Rh1 {[%clk
01:21:52]} {[%emt 00:00:19]} 0-1

[Event "ODJM B 2024"]
[Site "Willingen GER"]
[Date "2024.05.19"]
[Round "2"]
[White "Averkova, Mariia"]
[Black "Gendzelevsky, Stefan"]
[Result "1-0"]
[Termination "normal"]
[Board "53"]
[WhiteElo "1608"]
[BlackElo "1628"]
[WhiteClock "00:14:08"]
[BlackClock "00:24:17"]
[PlyCount "137"]
[WhiteFideId "34651470"]
[BlackFideId "34637672"]
[EventCountry "GER"]
[EventRounds "9"]
[EventType "swiss"]
[EventDate "2024.05.18"]

1. d4 {[%clk 01:30:58]} {[%emt 00:00:02]} e6 {[%clk 01:30:53]} {[%emt
00:00:07]} 2. Nf3 {[%clk 01:31:05]} {[%emt 00:00:23]} Nf6 {[%clk 01:31:11]}
{[%emt 00:00:12]} 3. a3 {[%clk 01:30:50]} {[%emt 00:00:45]} d5 {[%clk
01:31:23]} {[%emt 00:00:18]} 4. e3 {[%clk 01:31:07]} {[%emt 00:00:14]} c5
{[%clk 01:31:44]} {[%emt 00:00:08]} 5. b3 {[%clk 01:31:27]} {[%emt 00:00:10]}
Nc6 {[%clk 01:31:30]} {[%emt 00:00:44]} 6. Bb2 {[%clk 01:31:39]} {[%emt
00:00:18]} cxd4 {[%clk 01:31:19]} {[%emt 00:00:41]} 7. exd4 {[%clk 01:31:15]}
{[%emt 00:00:54]} Bd6 {[%clk 01:31:34]} {[%emt 00:00:15]} 8. Bd3 {[%clk
01:31:16]} {[%emt 00:00:28]} Bd7 {[%clk 01:31:45]} {[%emt 00:00:19]} 9. O-O
{[%clk 01:31:09]} {[%emt 00:00:37]} O-O {[%clk 01:31:56]} {[%emt 00:00:20]} 10.
Ne5 {[%clk 01:28:53]} {[%emt 00:02:46]} Qc7 {[%clk 01:30:38]} {[%emt 00:01:44]}
11. Re1 {[%clk 01:27:51]} {[%emt 00:01:35]} h6 {[%clk 01:25:33]} {[%emt
00:05:35]} 12. Nd2 {[%clk 01:25:58]} {[%emt 00:02:23]} Bc8 {[%clk 01:25:06]}
{[%emt 00:00:56]} 13. c4 {[%clk 01:24:43]} {[%emt 00:01:47]} Nd7 {[%clk
01:23:59]} {[%emt 00:01:36]} 14. Qe2 {[%clk 01:22:07]} {[%emt 00:03:05]} Bxe5
{[%clk 01:18:59]} {[%emt 00:05:30]} 15. dxe5 {[%clk 01:22:31]} {[%emt
00:00:07]} Nc5 {[%clk 01:18:20]} {[%emt 00:01:08]} 16. Bc2 {[%clk 01:20:32]}
{[%emt 00:02:30]} b6 {[%clk 01:17:12]} {[%emt 00:01:39]} 17. b4 {[%clk
01:18:47]} {[%emt 00:02:14]} Nd7 {[%clk 01:16:41]} {[%emt 00:01:02]} 18. cxd5
{[%clk 01:18:23]} {[%emt 00:00:54]} exd5 {[%clk 01:07:09]} {[%emt 00:10:01]}
19. Qd3 {[%clk 01:10:18]} {[%emt 00:08:35]} g6 {[%clk 01:05:20]} {[%emt
00:02:19]} 20. e6 {[%clk 00:57:32]} {[%emt 00:13:16]} Nde5 {[%clk 01:01:14]}
{[%emt 00:04:35]} 21. Qxd5 {[%clk 00:55:32]} {[%emt 00:02:31]} Bxe6 {[%clk
00:59:37]} {[%emt 00:02:07]} 22. Bxe5 {[%clk 00:46:59]} {[%emt 00:09:03]} Nxe5
{[%clk 00:59:47]} {[%emt 00:00:19]} 23. Qxe5 {[%clk 00:46:58]} {[%emt
00:00:33]} Qxc2 {[%clk 01:00:10]} {[%emt 00:00:06]} 24. Ne4 {[%clk 00:46:48]}
{[%emt 00:00:41]} Rfd8 {[%clk 00:55:41]} {[%emt 00:04:58]} 25. Nf6+ {[%clk
00:45:30]} {[%emt 00:01:48]} Kf8 {[%clk 00:53:12]} {[%emt 00:02:58]} 26. Ng4
{[%clk 00:44:51]} {[%emt 00:01:09]} Qf5 {[%clk 00:50:21]} {[%emt 00:03:20]} 27.
Qxf5 {[%clk 00:40:33]} {[%emt 00:04:49]} Bxf5 {[%clk 00:48:29]} {[%emt
00:02:23]} 28. Nxh6 {[%clk 00:39:51]} {[%emt 00:01:11]} Be6 {[%clk 00:48:26]}
{[%emt 00:00:33]} 29. h3 {[%clk 00:40:10]} {[%emt 00:00:12]} Rd4 {[%clk
00:46:25]} {[%emt 00:02:30]} 30. f3 {[%clk 00:39:55]} {[%emt 00:00:46]} Rc8
{[%clk 00:44:40]} {[%emt 00:02:16]} 31. Kf2 {[%emt 00:03:38]} Rd2+ {[%clk
00:44:51]} {[%emt 00:00:17]} 32. Re2 {[%clk 00:35:17]} {[%emt 00:02:01]} Rxe2+
{[%clk 00:45:09]} {[%emt 00:00:12]} 33. Kxe2 {[%clk 00:35:42]} {[%emt
00:00:05]} f5 {[%clk 00:45:09]} {[%emt 00:00:30]} 34. g4 {[%clk 00:34:39]}
{[%emt 00:01:32]} Kg7 {[%clk 00:43:22]} {[%emt 00:02:17]} 35. g5 {[%clk
00:34:45]} {[%emt 00:00:25]} Rc2+ {[%clk 00:43:39]} {[%emt 00:00:14]} 36. Kd3
{[%clk 00:32:55]} {[%emt 00:02:19]} Rg2 {[%clk 00:42:55]} {[%emt 00:01:14]} 37.
h4 {[%clk 00:29:02]} {[%emt 00:04:22]} Rg3 {[%clk 00:41:35]} {[%emt 00:01:48]}
38. Ke3 {[%clk 00:27:27]} {[%emt 00:02:08]} Rh3 {[%clk 00:41:15]} {[%emt
00:00:50]} 39. Rc1 {[%clk 00:25:20]} {[%emt 00:02:36]} Rxh4 {[%clk 00:38:20]}
{[%emt 00:03:26]} 40. Rc7+ {[%clk 00:25:30]} {[%emt 00:00:20]} Kf8 {[%clk
00:38:39]} {[%emt 00:00:11]} 41. Rxa7 {[%clk 00:23:27]} {[%emt 00:02:33]} Rc4
{[%clk 00:37:53]} {[%emt 00:01:15]} 42. Ra6 {[%clk 00:20:37]} {[%emt 00:03:21]}
Rc6 {[%clk 00:37:02]} {[%emt 00:01:21]} 43. a4 {[%clk 00:19:56]} {[%emt
00:01:10]} Bc8 {[%clk 00:28:50]} {[%emt 00:08:43]} 44. Ra7 {[%clk 00:14:52]}
{[%emt 00:05:33]} Re6+ {[%clk 00:26:45]} {[%emt 00:02:35]} 45. Kf4 {[%clk
00:14:00]} {[%emt 00:01:23]} Rd6 {[%clk 00:22:46]} {[%emt 00:04:29]} 46. Nf7
{[%clk 00:09:54]} {[%emt 00:04:35]} Rd4+ {[%clk 00:21:34]} {[%emt 00:01:43]}
47. Ke5 {[%clk 00:10:10]} {[%emt 00:00:14]} Rxb4 {[%clk 00:20:59]} {[%emt
00:01:04]} 48. Nd6 {[%clk 00:10:28]} {[%emt 00:00:13]} Rb3 {[%clk 00:19:07]}
{[%emt 00:02:22]} 49. Nxc8 {[%clk 00:09:51]} {[%emt 00:01:06]} Rxf3 {[%clk
00:19:12]} {[%emt 00:00:26]} 50. Nxb6 {[%clk 00:09:27]} {[%emt 00:00:54]} Re3+
{[%clk 00:19:21]} {[%emt 00:00:22]} 51. Kf6 {[%emt 00:00:52]} Re8 {[%clk
00:18:59]} {[%emt 00:00:07]} 52. Ra8 {[%clk 00:08:46]} {[%emt 00:01:34]} Rxa8
{[%clk 00:18:30]} {[%emt 00:00:58]} 53. Nxa8 {[%clk 00:09:11]} {[%emt
00:00:05]} f4 {[%clk 00:18:56]} {[%emt 00:00:03]} 54. Nb6 {[%clk 00:09:36]}
{[%emt 00:00:05]} f3 {[%clk 00:19:23]} {[%emt 00:00:04]} 55. Nc4 {[%clk
00:09:58]} {[%emt 00:00:10]} f2 {[%clk 00:19:46]} {[%emt 00:00:04]} 56. Ne3
{[%clk 00:10:23]} {[%emt 00:00:06]} Ke8 {[%clk 00:20:09]} {[%emt 00:00:07]} 57.
Kxg6 {[%emt 00:00:22]} Kd7 58. Kf7 {[%clk 00:11:07]} Kd6 {[%clk 00:20:58]}
{[%emt 00:00:05]} 59. g6 {[%clk 00:11:18]} {[%emt 00:00:18]} Ke5 {[%clk
00:21:24]} {[%emt 00:00:04]} 60. g7 {[%clk 00:11:39]} {[%emt 00:00:10]} Ke4
{[%clk 00:21:17]} {[%emt 00:00:35]} 61. Nf1 {[%clk 00:11:57]} {[%emt 00:00:12]}
Kf3 {[%clk 00:21:34]} {[%emt 00:00:13]} 62. g8=Q {[%clk 00:12:18]} {[%emt
00:00:10]} Ke2 {[%clk 00:21:56]} {[%emt 00:00:08]} 63. Qg2 {[%clk 00:12:30]}
{[%emt 00:00:17]} Ke1 {[%clk 00:22:18]} {[%emt 00:00:09]} 64. a5 {[%clk
00:12:52]} {[%emt 00:00:08]} Ke2 {[%clk 00:22:42]} {[%emt 00:00:06]} 65. a6
{[%clk 00:13:19]} {[%emt 00:00:03]} Ke1 {[%clk 00:23:07]} {[%emt 00:00:05]} 66.
a7 {[%clk 00:13:44]} {[%emt 00:00:05]} Ke2 {[%clk 00:23:34]} {[%emt 00:00:03]}
67. a8=Q {[%clk 00:14:06]} {[%emt 00:00:08]} Ke1 {[%clk 00:23:58]} {[%emt
00:00:05]} 68. Qa2 {[%emt 00:01:03]} Kd1 {[%clk 00:24:17]} 69. Qd2# {[%clk
00:14:08]} {[%emt 00:00:06]} 1-0

[Event "ODJM B 2024"]
[Site "Willingen GER"]
[Date "2024.05.19"]
[Round "2"]
[White "Klemm, Julian"]
[Black "Alugili, Yosef"]
[Result "1/2-1/2"]
[Termination "normal"]
[Board "54"]
[WhiteElo "1408"]
[BlackElo "1744"]
[WhiteClock "01:20:07"]
[BlackClock "00:20:47"]
[PlyCount "96"]
[WhiteFideId "533001901"]
[BlackFideId "34635963"]
[EventCountry "GER"]
[EventRounds "9"]
[EventType "swiss"]
[EventDate "2024.05.18"]

1. e4 {[%clk 01:30:57]} {[%emt 00:00:02]} c5 {[%clk 01:30:58]} {[%emt
00:00:03]} 2. Nc3 {[%clk 01:31:15]} {[%emt 00:00:11]} d6 {[%clk 01:31:24]}
{[%emt 00:00:04]} 3. f4 {[%clk 01:31:33]} {[%emt 00:00:13]} Nc6 {[%clk
01:31:49]} {[%emt 00:00:06]} 4. Nf3 {[%clk 01:31:49]} {[%emt 00:00:13]} g6
{[%clk 01:32:15]} {[%emt 00:00:04]} 5. Bc4 {[%clk 01:31:53]} {[%emt 00:00:26]}
Bg7 {[%clk 01:32:29]} {[%emt 00:00:16]} 6. O-O {[%clk 01:31:47]} {[%emt
00:00:36]} Nf6 {[%clk 01:32:50]} {[%emt 00:00:09]} 7. d3 {[%clk 01:32:01]}
{[%emt 00:00:15]} O-O {[%clk 01:33:14]} {[%emt 00:00:06]} 8. Qe1 {[%clk
01:32:02]} {[%emt 00:00:30]} e6 {[%clk 01:33:25]} {[%emt 00:00:20]} 9. Qh4
{[%clk 01:32:05]} {[%emt 00:00:25]} d5 {[%clk 01:29:39]} {[%emt 00:04:17]} 10.
exd5 {[%clk 01:31:23]} {[%emt 00:01:12]} exd5 {[%clk 01:29:29]} {[%emt
00:00:40]} 11. Bb5 {[%clk 01:31:37]} {[%emt 00:00:16]} Bd7 {[%clk 01:25:47]}
{[%emt 00:04:12]} 12. f5 {[%clk 01:31:17]} {[%emt 00:00:49]} Bxf5 {[%clk
01:24:44]} {[%emt 00:01:34]} 13. Bh6 {[%clk 01:31:29]} {[%emt 00:00:18]} Bxh6
{[%clk 01:14:52]} {[%emt 00:10:21]} 14. Qxh6 {[%clk 01:31:37]} {[%emt
00:00:22]} Ng4 {[%clk 01:15:08]} {[%emt 00:00:14]} 15. Qf4 {[%clk 01:30:25]}
{[%emt 00:01:42]} Qb8 {[%clk 01:04:42]} {[%emt 00:10:57]} 16. Qxb8 {[%clk
01:30:30]} {[%emt 00:00:24]} Raxb8 {[%clk 01:04:52]} {[%emt 00:00:21]} 17. Nxd5
{[%clk 01:30:21]} {[%emt 00:00:39]} Be6 {[%clk 00:59:57]} {[%emt 00:05:24]} 18.
Nf4 {[%clk 01:26:03]} {[%emt 00:04:47]} Bd7 {[%clk 00:46:47]} {[%emt 00:13:42]}
19. Rae1 {[%clk 01:24:03]} {[%emt 00:02:30]} Rfe8 {[%clk 00:45:00]} {[%emt
00:02:17]} 20. Nd5 {[%clk 01:23:14]} {[%emt 00:01:18]} Be6 {[%clk 00:25:13]}
{[%emt 00:20:17]} 21. Nc7 {[%clk 01:18:52]} {[%emt 00:04:52]} Re7 {[%clk
00:19:55]} {[%emt 00:05:43]} 22. Nxe6 {[%clk 01:18:12]} {[%emt 00:01:15]} fxe6
{[%clk 00:18:41]} {[%emt 00:01:45]} 23. h3 {[%clk 01:16:17]} {[%emt 00:02:24]}
Nh6 {[%clk 00:15:37]} {[%emt 00:03:34]} 24. Ng5 {[%clk 01:15:13]} {[%emt
00:01:34]} Nd4 {[%clk 00:11:29]} {[%emt 00:04:36]} 25. Bc4 {[%clk 01:12:37]}
{[%emt 00:03:08]} Nxc2 {[%clk 00:07:50]} {[%emt 00:04:09]} 26. Rxe6 {[%clk
01:11:26]} {[%emt 00:01:41]} Rxe6 {[%clk 00:07:20]} {[%emt 00:01:00]} 27. Bxe6+
{[%clk 01:10:54]} {[%emt 00:01:02]} Kg7 {[%clk 00:07:46]} {[%emt 00:00:05]} 28.
Bb3 {[%clk 01:10:21]} {[%emt 00:01:02]} Nd4 {[%clk 00:06:18]} {[%emt 00:01:56]}
29. Ne6+ {[%clk 01:08:41]} {[%emt 00:02:12]} Nxe6 {[%clk 00:06:44]} {[%emt
00:00:05]} 30. Bxe6 {[%clk 01:09:06]} {[%emt 00:00:05]} Re8 {[%clk 00:05:14]}
{[%emt 00:02:00]} 31. Bc4 {[%clk 01:08:41]} {[%emt 00:00:54]} Re2 {[%clk
00:05:14]} {[%emt 00:00:30]} 32. Rf2 {[%clk 01:08:49]} {[%emt 00:00:23]} Re1+
{[%clk 00:04:27]} {[%emt 00:01:14]} 33. Kh2 {[%clk 01:08:49]} {[%emt 00:00:31]}
Nf5 {[%clk 00:03:53]} {[%emt 00:01:05]} 34. g4 {[%clk 01:05:20]} {[%emt
00:03:59]} Nd6 {[%clk 00:04:21]} {[%emt 00:00:02]} 35. Rd2 {[%clk 01:05:20]}
{[%emt 00:00:30]} Nxc4 {[%clk 00:03:58]} {[%emt 00:00:53]} 36. dxc4 {[%clk
01:02:50]} {[%emt 00:03:01]} Re7 {[%clk 00:04:21]} {[%emt 00:00:07]} 37. Kg3
{[%clk 00:59:14]} {[%emt 00:04:05]} Kf6 {[%clk 00:03:29]} {[%emt 00:01:23]} 38.
Rf2+ {[%clk 00:58:10]} {[%emt 00:01:34]} Kg5 {[%clk 00:02:01]} {[%emt
00:01:57]} 39. h4+ {[%clk 00:56:58]} {[%emt 00:01:43]} Kh6 {[%clk 00:01:48]}
{[%emt 00:00:43]} 40. Kf4 {[%clk 00:55:50]} {[%emt 00:01:37]} Kg7 {[%clk
00:00:53]} {[%emt 00:01:26]} 41. Kg3 {[%clk 00:55:35]} {[%emt 00:00:42]} Rd7
{[%clk 00:28:26]} {[%emt 00:02:59]} 42. b3 {[%clk 01:24:10]} {[%emt 00:01:55]}
a5 {[%clk 00:27:02]} {[%emt 00:01:55]} 43. a4 {[%clk 01:23:23]} {[%emt
00:01:17]} h5 {[%clk 00:22:07]} {[%emt 00:05:25]} 44. gxh5 {[%clk 01:23:02]}
{[%emt 00:00:50]} gxh5 {[%clk 00:22:31]} {[%emt 00:00:06]} 45. Rf5 {[%clk
01:23:02]} {[%emt 00:00:30]} Kg6 {[%clk 00:20:08]} {[%emt 00:02:54]} 46. Rg5+
{[%clk 01:22:31]} {[%emt 00:01:00]} Kh6 {[%clk 00:20:00]} {[%emt 00:00:38]} 47.
Rxc5 {[%clk 01:19:54]} {[%emt 00:03:08]} Rd3+ {[%clk 00:20:23]} {[%emt
00:00:07]} 48. Kf4 {[%clk 01:20:07]} {[%emt 00:00:16]} Rxb3 {[%clk 00:20:47]}
{[%emt 00:00:07]} 1/2-1/2